000 00485nam a22001577a 4500
003 macl
005 20201125154639.0
008 201125b xxu||||| |||| 00| 0 eng d
040 _cmacl
082 _a920/CHO
100 _aचोपडा लक्ष्‍मेन्‍द्र
_980639
245 _aखुदीराम बोस
260 _aदिल्‍ली
_bभारतीय ज्ञानपीठ
_c2017
650 _aजीवनी
_97943
942 _2ddc
_cHIN
999 _c63941
_d63941